| 000 | 04642njm0a2200769 4500 | ||
|---|---|---|---|
| 001 | RU\NLR\ONIZ\304658 | ||
| 005 | 20250708194251.0 | ||
| 035 | _a(NLR Aleph) 022316484 | ||
| 071 | 0 | 0 | _aД-024207-10 |
| 090 |
_a13286003 _c13286003 |
||
| 100 | _a20210908f19681973|||y0rusy50 ca | ||
| 102 | _aRU | ||
| 126 |
_aabaxexu ux _bxxx |
||
| 127 | _a020000 | ||
| 135 | _ahonoannnanndn | ||
| 145 | 0 | _ac | |
| 200 | 1 |
_aОрфей _bЗвукозапись _eопера в 5 действиях _fК. Монтеверди _gисполняют: [солисты], Хор и Оркестр, дирижер Август Венцингер |
|
| 203 |
_aМузыка _bисполнительская _cаудио |
||
| 210 |
_aМосква _cМелодия _d[19--] _gЗавод грампластинок _eЛенинград |
||
| 215 |
_a2 грп. [ГОСТ 5289-68] (120 мин) : 33 об/мин, моно _d30 см, в кор. |
||
| 300 | _aКоммент., крат. содерж. оперы в кор. | ||
| 300 | _aГрп. 3/9046(1-2): прил. (13, [2] с.) | ||
| 323 | _aИсполн.: Х. Кребс (Орфей), Х. Мак-Косак (Эвридика), М. Гийом (Музыка, Прозерпина), Ж. Дерубе (Вестница, Надежда), Х. Вильд (Нимфа), П. Рот-Эранг (Харон), Х. Гюнтер (Плутон), Ф. Вундерлих (Аполлон) и др. | ||
| 325 | _aКопия доступна в электронной библиотеке РНБ | ||
| 600 | 1 |
_aОрфей, мифологический образ _xЗвукозапись _xмузыкальные интерпретации _2nlr_sh _7ba |
|
| 606 | 1 |
_aОперы итальянские _z16-17 вв. _jЗвукозапись _2nlr_sh |
|
| 606 | 1 |
_aДирижёры зарубежные _yШвейцария _z20 век _jЗвукозапись _2nlr_sh |
|
| 606 | 1 |
_aПевцы оперные зарубежные _z20-21 вв. _jЗвукозапись _2nlr_sh _7ca |
|
| 606 | 1 |
_aБарокко в музыке _yИталия _jЗвукозапись _2nlr_sh |
|
| 606 | 1 |
_aРенессанс в музыке _yИталия _jЗвукозапись _2nlr_sh |
|
| 686 | 0 | _aЩ971(4Ит) | |
| 700 | 1 |
_9z01790 _aМонтеверди _bК. _f1567-1643 _gКлаудио _4230 _7ca |
|
| 702 | 1 |
_9z02790 _aВенцингер _bА. _cдирижёр _f1905-1996 _gАвгуст _4250 _7ca |
|
| 702 | 1 |
_9z03790 _aКребс _bХ. _cтенор _f1913-2007 _gХельмут _4721 _4vte _7ca |
|
| 702 | 1 |
_9z04790 _aМак-Козак _bХ. _cсопрано _f1915- _gХанни _4721 _4vso _7ca |
|
| 702 | 1 |
_9z05790 _aГийом _bМ. _cсопрано _f1910-2004 _gМарго _4721 _4vso _7ca |
|
| 702 | 1 |
_9z06790 _aДерубе _bЖ. _cмеццо-сопрано _f1927- _gЖанна _4721 _4vms _7ca |
|
| 702 | 1 |
_9z07790 _aВильд _bХ. _cсопрано _gХильдегард _4721 _4vso _7ca |
|
| 702 | 1 |
_9z08790 _aРот-Эранг _bП. _cбас _f1925-1966 _gПетер _4721 _4vbs _7ca |
|
| 702 | 1 |
_9z09790 _aГюнтер _bХ. _cбаритон _f1913-2013 _gХорст _4721 _4sba _7ca |
|
| 702 | 1 |
_9z10790 _aВундерлих _bФ. _cтенор _f1930-1966 _gФриц _4721 _4vte _7ca |
|
| 790 | 1 |
_9z01700 _aMonteverdi _bC. _f1567-1643 _gClaudio _4230 _7ba |
|
| 790 | 1 |
_9z02702 _aWenzinger _bA. _cconductor _f1905-1996 _gAugust _4250 _7ba |
|
| 790 | 1 |
_9z03702 _aKrebs _bH. _ctenor _f1913-2007 _gHelmut _4721 _4vte _7ba |
|
| 790 | 1 |
_9z04702 _aMack-Cosack _bH. _csoprano _f1915- _gHanni _4721 _4vso _7ba |
|
| 790 | 1 |
_9z05702 _aGuilleaume _bM. _csoprano _f1910-2004 _gMargot _4721 _4vso _7ba |
|
| 790 | 1 |
_9z06702 _aDeroubaix _bJ. _cmezzo-soprano _f1927- _gJeanne _4721 _4vms _7ba |
|
| 790 | 1 |
_9z07702 _aWild _bH. _csoprano _gHildegard _4721 _4vso _7ba |
|
| 790 | 1 |
_9z08702 _aRoth-Ehrang _bP. _cbass _f1925-1966 _gPeter _4721 _4vbs _7ba |
|
| 790 | 1 |
_9z09702 _aGünter _bH. _cbaryton _f1913-2013 _gHorst _4721 _4sba _7ba |
|
| 790 | 1 |
_9z10702 _aWunderlich _bF. _ctenor _f1930-1966 _gFritz _4721 _4vte _7ba |
|
| 801 | 0 |
_aRU _bNLR _c20210908 _gPSBO |
|
| 801 | 1 |
_aRU _bNLR _c20210908 _2rusmarc |
|
| 801 | 2 |
_aRU _bNLR _c20240812 |
|
| 852 |
_aNLR _bМг _j3/9046(1-2) _p41256-41257 _t3 |
||
| 852 |
_aNLR _bМг _j3/1740(1-2)а _p8346-8347 _t2 |
||
| 852 |
_aNLR _bМг _j3/1740(1-2) _p8344-8345 _t1 |
||
| 856 | 0 | _uhttps://vivaldi.nlr.ru/mk000001350/view | |
| 856 | 1 | _uhttps://vivaldi.nlr.ru/mk000001350/cover | |
| 856 | 2 | _uhttps://vivaldi.nlr.ru/mk000001350/text | |
| 942 | _cREC | ||
| 980 | _aNB | ||
| 980 | _aONIZ | ||
| 981 | 2 | 4 |
_a(24) Нотные издания и аудиозаписи _b(24) Грампластинки |